000 00364 a2200145 4500
999 _c12117
_d12117
003 OSt
005 20231223161222.0
008 231223b ||||| |||| 00| 0 eng d
020 _a 978-1876907525
082 _a728
_bCRA
100 _aCrafti, Stephen
245 _aMaking the most of small spaces
260 _bImages Publishing Group Pty Ltd
_c2002
942 _2ddc